00321nam a22000977a 4500082001200000100001900012245010800031260004100139650002200180700002100202 aTHE 200 aTARIQ MEHMOOD  aTH-SOF-0782- EVALUATION OF FACULTY INVOLMENT IN E LEARNING AT HIGHER EDUCATION INSTITUTIONS OF PAKIDTAN aNUST COLLEGE OF EMEbISLAMABADc2001 a MS-EM-6 MSTHESIS aDR. AKHTAR NAWAZ